Discursos leídos ante la Academia de la Historia, en la recepción pública de Don Juan Facundo Riaño, el día 10 de octubre de 1869. (Record no. 163434)

MARC details
000 -LEADER
campo de control de longitud fija 01329nam a22002895i 4500
001 - NÚMERO DE CONTROL
campo de control 163434
003 - IDENTIFICADOR DE NÚMERO DE CONTROL
campo de control ES-MaACL
005 - FECHA Y HORA DE LA ÚLTIMA TRANSACCIÓN
campo de control 20260204133624.0
008 - DATOS DE LONGITUD FIJA--INFORMACIÓN GENERAL
campo de control de longitud fija 991209s1869 sp |||| | spa d
080 ## - NÚMERO DE LA CLASIFICACIÓN DECIMAL UNIVERSAL
Número de la Clasificación Decimal Universal 930 Alfonso (460.18) X
245 00 - MENCIÓN DEL TÍTULO
Título Discursos leídos ante la Academia de la Historia, en la recepción pública de Don Juan Facundo Riaño, el día 10 de octubre de 1869.
260 ## - PUBLICACIÓN, DISTRIBUCIÓN, ETC.
Lugar de publicación, distribución, etc. Madrid :
Nombre del editor, distribuidor, etc. [s.n.],
Fecha de publicación, distribución, etc. 1869 (
Fabricante Imp. y Estereotípia de M. Rivadeneyra)
300 ## - DESCRIPCIÓN FÍSICA
Extensión 61 p. ;
Dimensiones 25 cm.
530 ## - NOTA DISPONIBLE DE FORMULARIO FÍSICO ADICIONAL
Nota de formato físico adicional disponible Disponible en formato digital.
594 ## - Nota al título y mención de responsabilidad
Nota al título y mención de responsabilidad Tema: Alfonso X el Sabio.
594 ## - Nota al título y mención de responsabilidad
Nota al título y mención de responsabilidad Recoge el discurso de recepción de Juan Facundo Riaño, y el de contestación de Eduardo Saavedra.
600 04 - PUNTO DE ACCESO ADICIONAL DE MATERIA--NOMBRE DE PERSONA
Nombre de persona Alfonso
Numeración X,
Títulos y otros términos asociados al nombre Rey de Castilla
9 (RLIN) 19872
650 #4 - PUNTO DE ACCESO ADICIONAL DE MATERIA--TÉRMINO DE MATERIA
Término de materia o nombre geográfico como elemento de entrada Historiografía-
Subdivisión geográfica España-
Subdivisión cronológica S.V-XV.
9 (RLIN) 153136
700 1# - ENTRADA AGREGADA--NOMBRE PERSONAL
Nombre de persona Riaño, Juan Facundo,
Fechas asociadas al nombre 1828-1901
9 (RLIN) 96682
700 1# - ENTRADA AGREGADA--NOMBRE PERSONAL
Nombre de persona Saavedra, Eduardo,
Fechas asociadas al nombre 1829-1912
9 (RLIN) 101132
710 2# - ENTRADA AGREGADA--NOMBRE DE ENTIDAD CORPORATIVA
Nombre de entidad corporativa o nombre de jurisdicción como elemento de entrada Real Academia de la Historia (España)
9 (RLIN) 6309
852 ## - LOCALIZACIÓN
Ubicación ES-MaACL
Número de control de estantería F-M-III-G
Nota libre Encuadernación holandesa, falto de la encubierta original
-- Encuadernación en un volumen facticio
Ubicación en estantería Depósito 1
852 ## - LOCALIZACIÓN
Ubicación ES-MaACL
Número de control de estantería T-102-F-3
Ubicación en estantería Depósito 2
856 4# - LOCALIZACIÓN Y ACCESO ELECTRÓNICOS
Identificador Uniforme de Recursos <a href="http://bdh-rd.bne.es/viewer.vm?id=0000041796&page=1 ">http://bdh-rd.bne.es/viewer.vm?id=0000041796&page=1 </a>
Texto de enlace Biblioteca Digital Hispánica
942 ## - ELEMENTOS DE ENTRADA SECUNDARIOS (KOHA)
Fuente del sistema de clasificación o colocación Clasificación decimal universal
Holdings
Estatus retirado Estado de pérdida Estado de daño No para préstamo Colección Biblioteca de origen Biblioteca actual Ubicación en estantería Fecha de adquisición Fuente de adquisición Total de préstamos Signatura topográfica completa Código de barras Visto por última vez Precio de reemplazo Tipo de ítem Koha
        Colección de folletos Biblioteca del Ateneo de Madrid Biblioteca del Ateneo de Madrid Depósito folletos 03/09/2014     T-102-F-3 1193015 23/02/2023 23/02/2023 Folleto
        Colección digital Biblioteca del Ateneo de Madrid Biblioteca del Ateneo de Madrid Administración 17/01/2008     F-M-III-G 1171263 23/02/2023 23/02/2023 Libro impreso antiguo